| 000 | 00317nam a2200109Ia 4500 | ||
|---|---|---|---|
| 008 | 220204s9999 xx 000 0 und d | ||
| 082 |
_a052 _bPTO |
||
| 100 | _aPtolemy | ||
| 245 | 0 | _aAlmagest: Revolutions of the heavenly spheres, Epitome of Coperincan astronomy | |
| 260 |
_aChicago _bWilliam Benton _c1952 |
||
| 942 | _cBK | ||
| 999 |
_c36143 _d36143 |
||